Normal view
MARC view
Entry Personal Name
001 - CONTROL NUMBER
- control field: 48533
003 - CONTROL NUMBER IDENTIFIER
- control field: dpl
005 - DATE AND TIME OF LATEST TRANSACTION
- control field: 20120606135949.0
008 - FIXED-LENGTH DATA ELEMENTS
- fixed length control field: 120606|||a|||||| | ||| d
040 ## - CATALOGING SOURCE
- Original cataloging agency: dpl
- Transcribing agency: dpl
100 ## - HEADING--PERSONAL NAME
- Personal name: Singh, Indrajit P.
670 ## - SOURCE DATA FOUND
- Source citation: Work cat.: (dpl): Singh, S P 48532, Law of tort :, 2007
670 ## - SOURCE DATA FOUND
- Source citation: Work cat.: (dpl): Singh, S P 48532, Law of tort :, 2007
